| 000 | 00893nam0a22002651 4500 | ||
|---|---|---|---|
| 001 | rc\4248513 | ||
| 005 | 20250612030049.0 | ||
| 021 |
_aRU _b[58-22115] |
||
| 035 | _a(NLR Aleph) 008474777 | ||
| 090 |
_a7952593 _c7952593 |
||
| 100 | _a20130416d1958 |||y0rusy50 ca | ||
| 101 | 0 | _arus | |
| 102 | _aRU | ||
| 105 | _aa z ||||| | ||
| 200 | 1 | _aОсновы ведения горных работ в условиях вечной мерзлоты | |
| 210 |
_aМосква _cМеталлургиздат _d1958 |
||
| 215 |
_a231 с. _cил. _d23 |
||
| 320 | _aБиблиогр.: с. 227-231 (105 назв.) | ||
| 606 |
_aГорные работы в условиях вечной мерзлоты _2psbo |
||
| 700 | 1 |
_aБакакин _bВ.П. _gВалентин Петрович |
|
| 801 | 0 |
_aRU _bNLR _gpsbo |
|
| 801 | 1 |
_aRU _bELAR _2rusmarc |
|
| 852 |
_aNLR _j58-5/1753 |
||
| 942 | _cBOOK | ||
| 980 | _aNB | ||